Kone a poníky
| Main Author: | |
|---|---|
| Other Authors: | , |
| Format: | Book |
| Language: | Slovak German |
| PhysicalDescription: | [22] s. fareb. ilustr. 28 cm |
| Published: |
Bratislava
Ikar
2012
|
| ISBN: | 9788055128986 |
| Edition: | 1. vyd. |
| Series: | Bystrá hlavička!
Spoznávaj |
| Subjects: |
MARC
| LEADER | 00000cam a2200000 a 4500 | ||
|---|---|---|---|
| 001 | vtls010425821 | ||
| 003 | SK-MaSNL | ||
| 005 | 20260301085352.0 | ||
| 008 | 240314s2012 xo a a 000 0 slo | ||
| 015 | |a SNBA2012/06-03334 | ||
| 020 | |a 9788055128986 |q (viaz.) | ||
| 035 | |a 726539BC-F0B1-4613-AC05-05D52B8F8E35 | ||
| 035 | |a urn:nbn:sk:snk-amjy1q | ||
| 035 | |a urn:nbn:sk:snk-am007xvk | ||
| 040 | |a SNK |b slo |c SNK |e AACR2 | ||
| 041 | 1 | |a slo |h ger | |
| 044 | |a xo |c SK | ||
| 072 | 7 | |a 636 |x Chov zvierat. Živočíšna výroba |2 konspekt | |
| 080 | |a 636.1 |2 2001 | ||
| 080 | |a 636.16 |2 2001 | ||
| 080 | |a 636.083 |2 2001 | ||
| 080 | |a (0.053.2) |2 2001 | ||
| 080 | |a (084.11) |2 2001 | ||
| 080 | |a (0.025.2) |2 2001 | ||
| 100 | 1 | |a Kessel, Carola von |4 aut |9 404883 | |
| 240 | 1 | 0 | |a Pferde und Ponys |l Slovensky |
| 245 | 1 | 0 | |a Kone a poníky |c [text Carola von Kessel ; ilustrácie Astrid Vohwinkel ; z nemeckého originálu preložila Silvia Smidová] |
| 250 | |a 1. vyd. | ||
| 260 | |a Bratislava |b Ikar |c 2012 | ||
| 300 | |a [22] s. |b fareb. ilustr. |c 28 cm | ||
| 490 | 1 | |a Bystrá hlavička! | |
| 490 | 1 | |a Spoznávaj | |
| 500 | |a Názov z obalu | ||
| 500 | |a Kartónové listy s otváracími okienkami | ||
| 650 | 0 | 7 | |a kone |2 SNKPH |9 2809 |
| 650 | 0 | 7 | |a pony |2 SNKPH |9 20892 |
| 650 | 0 | 7 | |a starostlivosť o zvieratá |2 SNKPH |9 31078 |
| 650 | 0 | 7 | |a Horses |2 SNKPHeng |9 270402 |
| 650 | 0 | 7 | |a Ponies |2 SNKPHeng |9 332425 |
| 650 | 0 | 7 | |a Animal care |2 SNKPHeng |9 276222 |
| 655 | 7 | |a publikácie pre deti |2 SNKPH |9 70148 | |
| 655 | 7 | |a obrazové publikácie |2 SNKPH |9 70343 | |
| 655 | 7 | |a leporelá |2 SNKPH |9 60414 | |
| 655 | 7 | |a Children's literature |2 SNKPHeng |9 276039 | |
| 655 | 7 | |a Pictorial works |2 SNKPHeng |9 284468 | |
| 655 | 7 | |a Picture books for children |2 SNKPHeng |9 277438 | |
| 700 | 1 | |a Vohwinkel, Astrid |4 ill |9 415348 | |
| 700 | 1 | |a Smidová, Silvia, |d 1947- |4 trl |9 248069 | |
| 830 | 0 | |a Bystrá hlavička! |9 331420 | |
| 830 | 0 | |a Spoznávaj |9 331419 | |
| 852 | |a Štátna vedecká knižnica v Banskej Bystrici | ||
| 919 | |a 978-80-551-2898-6 | ||
| 958 | |a DB | ||
| 958 | |a UP | ||
| 968 | |b DT |d 0 | ||
| 999 | |c 665604 |d 667534 | ||
| 952 | |a SNK |b SNK |y PREZ |7 0 |p 17A0954777 |o snkSB 83068 |i snk2012/11855 |8 0 |0 0 |1 0 |4 0 |d 2012-06-18 |f 1 |l 0 |r 2025-05-05 00:00:00 |w 2026-02-23 | ||
| 952 | |a SNK |b SNK |y PREZ |7 0 |p 17A0954778 |o snkSB 83068 D1 |i snk2012/11856 |8 0 |0 0 |1 0 |4 0 |d 2012-06-18 |l 0 |r 2016-06-30 00:00:00 |w 2026-02-23 | ||


